000 00376nam a2200157Ia 4500
003 LK-CoDNM
008 010623t xxu||||| |||| 00| 1 eng d
040 _aLK-CoDNM
_dLK-CoDNM
_eLK-CoDNM
041 _aeng
080 _a(x)340 SRI
245 _aThe Law in Daily Life
260 _bSri Lanka Woman Lawyers'Association
300 _bp.24, 21 cm
650 _aLaw
942 _cBK
999 _c136312
_d136312